SNL Cast Members Quiz Stats

 Plays Quiz Updated Aug 20, 2019

Score 0/153 Timer 20:00
15 Plays Today
Years Cast Member % Correct
2000-06Tina Fey
85.7%
1995-2002Will Ferrell
84.4%
1975-76Chevy Chase
83.8%
1975-79John Belushi
83.7%
1990-95Adam Sandler
80.6%
1980-84Eddie Murphy
80.2%
1983-85Jim Belushi
79.6%
1990-95Chris Farley
77.7%
1975-79Dan Aykroyd
74.8%
1976-80Bill Murray
73.4%
1998-2004Jimmy Fallon
73.3%
2001-08Amy Poehler
73.2%
1988-95Mike Myers
73%
1975-80Gilda Radner
72.2%
1986-93Dana Carvey
72.1%
1990-96David Spade
71.8%
1990-93Chris Rock
69.8%
2014-19Leslie Jones
68.7%
2003-Kenan Thompson
67.8%
1979-80Peter Aykroyd
67.2%
2001-14Seth Meyers
65%
1991-92Siobhan Fallon
64.8%
2005-12Kristen Wiig
64.3%
1986-94Phil Hartman
64.3%
2014-Michael Che
63.8%
1975-80Jane Curtin
63.1%
2005-12Andy Samberg
60%
1995-2000Cheri Oteri
58%
1994-2001Molly Shannon
57.3%
1990-2000Tim Meadows
56.3%
2012-Kate McKinnon
56.3%
2014-Colin Jost
56%
1995-2003Chris Kattan
55.6%
1993-98Norm Macdonald
55.5%
2005-13Bill Hader
55.2%
1995-2009Darrell Hammond
55%
1999-2007Maya Rudolph
54.9%
2012-Cecily Strong
54.5%
1998-2006Horatio Sanz
54.1%
1996-2003Tracy Morgan
52.8%
1986-95Kevin Nealon
51.9%
1986-92Victoria Jackson
50.8%
1985-91Dennis Miller
50.8%
1975-80Garrett Morris
50.7%
2012-Aidy Bryant
50.3%
2002-13Fred Armisen
49.8%
1982-85Julia Louis-Dreyfus
49.1%
2014-Pete Davidson
48.6%
1985-86Robert Downey Jr.
47.8%
1999-2006Rachel Dratch
47.8%
1990-94Rob Schneider
47.5%
Years Cast Member % Correct
1996-2002Ana Gasteyer
46.5%
2002-10Will Forte
46.4%
1975-80Laraine Newman
46%
1995-2000Colin Quinn
46%
2004-13Jason Sudeikis
45.7%
1979-80, 85-86, 87-95 Al Franken
45.7%
1984-85Billy Crystal
45.5%
2013-Beck Bennett
44.9%
1984-85Martin Short
44.8%
2016-Mikey Day
44.2%
1985-86Anthony Michael Hall
44.1%
1979-80Jim Downey
44.1%
1985-90Jon Lovitz
44.1%
1980-84Joe Piscopo
43.2%
1982-84Brad Hall
43.1%
2008-12Abby Elliott
42.7%
1984-85 Rich Hall
42.7%
1998-2006Chris Parnell
42.6%
2013-Kyle Mooney
42.5%
2014-17Sasheer Zamata
42.5%
2016-Melissa VillaseƱor
41.4%
1994-95Chris Elliott
41%
2010-16Jay Pharoah
39.9%
2019-Bowen Yang
39.7%
2017-Chris Redd
39%
2008-16Bobby Moynihan
38.8%
2013-14Mike O'Brien
38.5%
1986-91Jan Hooks
38%
2017-Heidi Gardner
34.5%
2010-17Vanessa Bayer
34.5%
2010-16Taran Killam
34.4%
1993-94Sarah Silverman
34.3%
2016-Alex Moffat
34.1%
2009-14Nasim Pedrad
33.8%
2013-14Noel Wells
33.4%
1990-94Julia Sweeney
33.3%
1985-90Nora Dunn
33.3%
2007-09Casey Wilson
32.9%
1985-86Terry Sweeney
32.3%
2018-Ego Nwodim
32.2%
2013-14Brooks Wheelan
31.9%
1979-80Tom Davis
31.7%
2003-06Finesse Mitchell
31.7%
1980-81Charles Rocket
31.5%
1984-85Christopher Guest
31%
2012-13Tim Robinson
30.3%
1988-89Ben Stiller
30.1%
2017-2018Luke Null
29.8%
1985-91A. Whitney Brown
29.1%
2019-Chloe Fineman
28.8%
1985-86Damon Wayans
28.5%
Years Cast Member % Correct
1985-86Joan Cusack
28.2%
1991-95Ellen Cleghorne
28.2%
1979-80, 84-85Harry Shearer
27.8%
1993-95Michael McKean
27.3%
1979-80, 81-82Brian Doyle-Murray
26.6%
2009-10Jenny Slate
26.5%
2015-16Jon Rudnitsky
26.4%
1995-98Jim Breuer
26.3%
1994-95Janeane Garofalo
26.3%
1985-86Randy Quaid
25.9%
1993-95Jay Mohr
25.7%
2013-14John Milhiser
24.1%
1980-81Gilbert Gottfried
24.1%
1985-86Danitra Vance
22.4%
1994-97Mark McKinney
22.3%
1981-85Mary Gross
22.2%
1975George Coe
21.5%
2010-12Paul Brittain
21.5%
2001-04Jeff Richards
21.2%
1975Michael O'Donoghue
21.1%
1980-84Tim Kazurinsky
20.9%
2004-05Rob Riggle
20.8%
1995-96David Koechner
20.8%
1991-93Robert Smigel
20.1%
1991-94Melanie Hutsell
19%
1979-80Paul Shaffer
18.9%
1995-96Nancy Walls
18.6%
2001-03Dean Edwards
18.5%
2008-09Michaela Watkins
18.3%
1980-81Denny Dillon
18%
1980-84Robin Duke
17.5%
1981-82Christine Ebersole
17.5%
1979-80, 85-86Don Novello
17%
2000-01Jerry Minor
16%
1982-85Gary Kroeger
15.9%
1980-81Laurie Metcalf
15.6%
1994-95Morwenna Banks
15.1%
1994-95Laura Kightlinger
14.9%
1984-85Pamela Stephenson
14.8%
1979-80Alan Zweibel
14.7%
1995-97Fred Wolf
14.6%
1991-92Beth Cahill
14.3%
1980-82Tony Rosato
14%
1980-81Gail Matthius
12.6%
1980-81Yvonne Hudson
12.3%
1979-80Tom Schiller
12.2%
1980-81Ann Risley
11.8%
1985-86Dan Vitale
11.6%
1980-81Matthew Laurance
11%
1980-81Emily Prager
10.9%
1980-81Patrick Weathers
10.5%

You're not logged in!

Compare scores with friends on all Sporcle quizzes.
OR
Log In

Sporcle TV

Today on Sporcle TV


Watch our educational content, quiz creation guides, and fun videos on Sporcle TV.

Show Comments

Extras

Top Quizzes Today


Score Distribution

Your Account Isn't Verified!

In order to create a playlist on Sporcle, you need to verify the email address you used during registration. Go to your Sporcle Settings to finish the process.

Report this User

Report this user for behavior that violates our Community Guidelines.

Details: